| 000 | 00920nam a22002417a 4500 | ||
|---|---|---|---|
| 999 |
_c10098 _d10098 |
||
| 003 | EG-ScBUE | ||
| 005 | 20201124141902.0 | ||
| 008 | 080811s1994 ua f e 001 0 ara d | ||
| 040 |
_aEG-ScBUE _bara _erda _cEG-ScBUE _dEG-ScBUE |
||
| 082 | 0 | 4 |
_a338.4767796203 _bم و س _222 |
| 245 | 0 | 2 | _aالموسوعة العلمية للصناعات النسجية في مصر خلال خمسين عاما 1944-1994. |
| 264 | 1 |
_aجمهورية مصر العربية : _bأكاديمية البحث العلمي والتكنولوجيا، _c1994. |
|
| 300 |
_a3 مجلدات ؛ _c32 سم |
||
| 336 |
_2rdacontent _aنص _btxt |
||
| 337 |
_2rdamedia _aبدون وسيط _bn |
||
| 338 |
_2rdacarrier _aمجلد _bnc |
||
| 500 | _aيشتمل على فهرس. | ||
| 541 |
_aإهداء ؛ _cدكتور أحمد حمزة ؛ |
||
| 651 | _2BUEsh | ||
| 653 |
_bGGEN _cOctober2020 |
||
| 655 |
_vReading book _934232 |
||
| 942 |
_2ddc _cREFERENCE |
||